00347nam a22001337a 450000500170000000800410001704100080005808200100006610000210007624500790009726000140017630000080019065000150019820160628155541.0160628b xxu||||| |||| 00| 0 eng d aeng b10793 aSrivastava, S.C. aWages, Profits and Productivity in Salected Industries of India since 1950 bHPHc1984 a242 aManagement